Keď je krajina dospelá, no nevyspelá

25. výročie nezávislosti Ukrajiny. Kritika amerického viceprezidenta Joe Bidena. Vysoká miera korupcie, klientelizmus. Sklamanie z revolúcie. Vstup USA a Európskej únie do konfrontácie s Ruskom pre odtrhnutý Krym a povstalecký Donbas. Priaznivejšie vyhliadky na tento rok. Strata autonómnej oblasti K...

Ausführliche Beschreibung

Gespeichert in:
Bibliographische Detailangaben
1. Verfasser: Pressburg, Adrian Peter
Format: Buchkapitel
Sprache:Slowakisch
Schlagworte:
Tags: Tag hinzufügen
Keine Tags, Fügen Sie das erste Tag hinzu!

MARC

LEADER 00000naa a2200000 4500
001 0221781
005 20231113105639.5
041 0 |a slo 
044 |a SK 
245 1 0 |a Keď je krajina dospelá, no nevyspelá  |c Adrian Peter Pressburg 
520 |a 25. výročie nezávislosti Ukrajiny. Kritika amerického viceprezidenta Joe Bidena. Vysoká miera korupcie, klientelizmus. Sklamanie z revolúcie. Vstup USA a Európskej únie do konfrontácie s Ruskom pre odtrhnutý Krym a povstalecký Donbas. Priaznivejšie vyhliadky na tento rok. Strata autonómnej oblasti Krym bude traumatizovať ukrajinský štát po generácie. 
610 2 0 |a politika 
610 2 0 |a politika medzinárodná 
610 2 0 |a vzťahy medzinárodné 
610 2 0 |a revolúcia 
610 2 0 |a korupcia 
610 2 0 |a nezávislosť 
610 2 0 |a Ukrajina 
610 2 0 |a Rusko 
610 2 0 |a USA 
100 1 |a Pressburg, Adrian Peter